Europa: Geografie mit Z - Statistiken

Allgemein
  • Dieses Quiz wurde 204 mal gespielt
    202 seit der letzten Aktualisierung
  • Das Durchschnittsergebnis liegt bei 9 aus 14
Antwortstatistiken
Hinweis Antwort % Korrekt
Größte Stadt der Schweiz Zürich
100%
Höchster Berg Deutschlands Zugspitze
99%
Kroatiens Hauptstadt ist die einzige Hauptstadt, die mit Z beginnt Zagreb
98%
Bei JetPunk gehört das Land nicht zu Europa, kulturell gesehen ist dies jedoch kaum abzustreiten Zypern
96%
Der Vatikan, San Marino, Monaco, Liechtenstein und Andorra werden häufig so bezeichnet {Zwerg}staaten
89%
Europas ältester Park dieser Art befindet sich in Wien (Schönbrunn), der artenreichste in Berlin Zoo
80%
In Europa selten vorkommendes Metall, das bereits im Altertum im Erzgebirge, auf der Iberischen Halbinsel und in Cornwall abgebaut wurde Zinn
70%
Autofreier Wintersportort am Fuß des Matterhorns, den man mit dem Glacier-Express erreichen kann Zermatt
61%
Gebirge in der Mitte des südlichen Frankreich mit einer Höhe bis 1885 Meter {Zentral}massiv
60%
Schlanke, hohe Bäume, die das Bild vieler südeuropäischer Landschaften wie der Toskana prägen Zypressen
58%
Der Name der Hauptstadt der spanischen Region Aragón leitet sich vom lateinischen "Caesaraugusta" ab Zaragoza
45%
Stadt mit rund 70.000 Einwohnern an der mittleren kroatischen Adriaküste, die lange zu Venedig gehörte und "Zara" genannt wurde Zadar
42%
Hauptstadt der niederländischen Provinz Overijssel Zwolle
27%
Nach Kefalonia und Korfu die drittgrößte und südlichste der Ionischen Inseln und die zehntgrößte Insel Griechenlands Zakynthos
24%
Keine übereinstimmenden Quizze gefunden
Verteilung der Resultate
Anzahl Personen mit jedem Resultat
Perzentil nach korrekt beantworteten Fragen
Ihre Resultats-Entwicklung
Sie haben dieses Quiz seit der letzten Aktualisierung nicht gespielt